Stephen King Books Quiz Stats

 Plays Quiz not verified by Sporcle

Score 0/67 Timer 15:00
0 Plays Today
Year Title % Correct
1974Carrie
98.1%
1986IT
96.3%
1977The Shining
95.2%
1981Cujo
93.6%
1975Salem's Lot
91.4%
1978The Stand
91.2%
2004The Dark Tower
90.1%
1983Christine
89.8%
1987Misery
87.7%
1983Pet Sematary
87.4%
1996The Green Mile
84.2%
1984Thinner
84%
1982The Gunslinger
83.4%
1987The Tommyknockers
82.9%
1993Dolores Claiborne
81.3%
2009Under the Dome
81.3%
1980Firestarter
80.7%
1991Needful Things
80.5%
1992Gerald's Game
80.2%
1982The Running Man
79.7%
1979The Dead Zone
78.9%
2006Cell
78.3%
2013Doctor Sleep
77.5%
2014Mr. Mercedes
77.3%
1978The Long Walk
76.7%
1995Rose Madder
76.2%
1977Rage
75.4%
1996Desperation
75.4%
1989The Dark Half
74.9%
2002From a Buick 8
73.8%
1978Night Shift
73.5%
1985Skeleton Crew
73.5%
1999The Girl Who Loved Tom Gordon
73.5%
201111/22/63
73.5%
Year Title % Correct
1987The Drawing of the Three
73.3%
1982Different Seasons
73%
1994Insomnia
72.5%
1999Hearts in Atlantis
72.2%
1987The Eyes of the Dragon
71.9%
2001Dreamcatcher
71.7%
2003The Wolves of Calla
71.7%
1998Bag of Bones
71.1%
2008Duma Key
71.1%
2006Lisey's Story
70.6%
1996The Regulators
70.3%
1984The Talisman
69.8%
1997Wizard and Glass
69%
1990Four Past Midnight
67.9%
2004Song of Susannah
66.8%
1981Roadwork
66.6%
1993Nightmares and Dreamscapes
66%
1991The Waste Lands
65.5%
1985Cycle of the Werewolf
65.2%
2015Finders Keepers
65%
2000On Writing
64.7%
2002Everything's Eventual
64.7%
2013Joyland
64.7%
2001Black House
64.2%
2012The Wind Through the Keyhole
63.9%
2016End of Watch
62.8%
2007Blaze
62%
2014Revival
60.4%
2010Full Dark, No Stars
59.4%
1981Danse Macabre
58.6%
2005The Colorado Kid
57.8%
2015The Bazaar of Bad Dreams
54%
2008Just After Sunset
51.9%

You're not logged in!

Compare scores with friends on all Sporcle quizzes.
OR
Log In

Sporcle TV

Today on Sporcle TV


Watch our educational content, quiz creation guides, and fun videos on Sporcle TV.

Show Comments

Extras

Created Jul 15, 2016ReportNominate
Tags:Book Quiz, King, stephen, Stephen King

Top Quizzes Today


Score Distribution

Your Account Isn't Verified!

In order to create a playlist on Sporcle, you need to verify the email address you used during registration. Go to your Sporcle Settings to finish the process.

Report this User

Report this user for behavior that violates our Community Guidelines.

Details: